Les Ballons d'or (années en 2) - Statistiques

Statistiques générales
  • Ce quiz a été pris 62 fois
  • Le résultat moyen est 5 sur 6
Statistiques - réponses
Année Nationalité Ballon d'or % Correct
2012 Argentine Lionel Messi
100%
2002 Brésil Ronaldo
95%
1992 Pays-Bas Marco van Basten
90%
1972 Allemagne Franz Beckenbauer
80%
1982 Italie Paolo Rossi
64%
1962 Tchécoslovaquie Josef Masopust
36%
Aucun quiz correspondant
Distribution des résultats
% des personnes avec chaque résultat
Percentile par nombre de réponses
Votre historique - résultats
Vous n’avez pas pris ce quiz